000
00314nam a2200121Ia 4500
008
190216s9999||||xx |||||||||||||| ||und||
100
_a
"Tsutsui,Levy, Nakamura &mori"
245
0
_a
Introduction To Metal Complex Chemistry
260
_b
Plenum Press
_c
1970
300
_a
210p
650
_a
Chemistry
942
_c
BK
999
_c
2442
_d
2442